000 00367nam a22001457a 4500
003 OSt
005 20220215112948.0
008 220215b |||||||| |||| 00| 0 eng d
020 _a185617350x
040 _cHU
082 _21st
_a628.1
100 _aScott
_930526
245 _aAdvanced Materials For Water Handling Composites & Thermoplastics
942 _2ddc
_cBOOKS
_n0
999 _c30379
_d30379